000 00595nam a22001817a 4500
005 20231101064227.0
008 231101b |||||||| |||| 00| 0 eng d
020 _a0702111627
041 _aEnglish
082 _a346.7 MAR
100 _aWaters, DF and Jooste, RD
_lEnglish
245 _aMars : The Law of Insolvency in South Africa /
_cDR Waters and RD Jooste
250 _aSeventh Edition
260 _aCape Town :
_bJuta and Company Ltd,
_c1980
300 _blviii, 697 pages ;
_c26 cm.
_e3 Editions
650 _alegal practice
_bLaw
942 _cBK
_6ALISON_BN_VRIES
999 _c200
_d200